Państwa, w których można obserwować zorzę polarną - Statystyki

Ogólne statystyki
  • Ten quiz został rozwiązany 258 razy
    245 od ostatniego zresetowania
  • Średni wynik to 23 z 28
Statystyki odpowiedzi
Minimalny indeks KP by móc zobaczyć zorzę polarną
Państwo % Poprawnych
Norwegia
98%
Rosja
97%
Szwecja
97%
0 Dania (Grenlandia)
96%
1 Finlandia
96%
Kanada
96%
Polska
96%
Stany Zjednoczone (stan Alaska)
96%
Niemcy
94%
Litwa
93%
Łotwa
93%
7 Estonia
92%
2 Islandia
92%
5 Wielka Brytania (Szkocja, Szetlandy)
88%
Francja
85%
Holandia
82%
7 Belgia
81%
Irlandia
80%
Białoruś
79%
Czechy
79%
Ukraina
78%
8 Luksemburg
68%
9 Chiny (prowincja Heilongjiang)
67%
Kazachstan (obwód Kazachstan Północny)
67%
Australia (Tasmania, stan Wiktoria)
62%
Chile (Ziemia Ognista)
58%
6 Argentyna (Ziemia Ognista)
57%
Nowa Zelandia (Wyspa Południowa)
57%
Nie znaleziono quizów pasujących do podanych kryteriów
Rozkład punktacji
Procent ludzi z każdym wynikiem
Percentyl według liczby udzielonych odpowiedzi
Twoja historia wyników
Nie rozwiązałeś tego quizu od ostatniego zresetowania